|
|
|
|
| LEADER |
00000nam a2200000 a 4500 |
| 001 |
vtls001221274 |
| 003 |
SK-MaSNL |
| 005 |
20260302065113.0 |
| 008 |
240318s1996 xo r ger |
| 015 |
|
|
|a SNBA1996/1203459
|
| 035 |
|
|
|a SNK000166407
|
| 035 |
|
|
|a urn:nbn:sk:snk-amkffx
|
| 035 |
|
|
|a urn:nbn:sk:snk-am003duk
|
| 035 |
|
|
|a C77E382A-F98B-47E1-979E-46425BA9C327
|
| 040 |
|
|
|a SNK
|b slo
|c SNK
|e AACR2
|
| 041 |
0 |
|
|a ger
|
| 044 |
|
|
|a xo
|c SK
|
| 080 |
|
|
|a 803.0(035)
|2 1981
|
| 100 |
1 |
|
|a Olejárová, Alexandra
|4 aut
|9 12296
|
| 245 |
1 |
0 |
|a Akreditačné skúšky z nemeckého jazyka
|b metodický list
|c Alexandra Olejárová
|
| 260 |
|
|
|a Bratislava
|b Štátny pedagogický ústav
|c 1996
|
| 300 |
|
|
|a 36 s.
|c 21 cm
|
| 500 |
|
|
|a Text aj slov.
|
| 650 |
0 |
7 |
|a nemčina
|x skúšky akreditačné
|x príručky
|2 SNK
|9 728050
|
| 655 |
|
7 |
|a príručky
|2 SNK
|9 74364
|
| 958 |
|
|
|a OND
|
| 958 |
|
|
|a TL
|
| 958 |
|
|
|a BQ
|
| 999 |
|
|
|c 1140521
|d 1142451
|
| 952 |
|
|
|t P60, <03>, [BOOK], {603}
|a SNK
|b SNK
|y PREZ
|7 0
|p 17A0013061
|o snkSC 91372
|i snkKSP 8172/96
|0 0
|1 0
|4 0
|d 1996-10-02
|f 1
|l 0
|r 2025-09-10 00:00:00
|w 2026-02-24
|
| 952 |
|
|
|t P60, <04>, [BOOK], {604}
|a SNK
|b SNK
|y VYP
|7 0
|p 17A0013062
|o snkSC 91372 D1
|i snkKSP 8173/96
|0 0
|1 0
|4 0
|d 1996-10-02
|l 0
|r 2005-01-01 00:00:00
|w 2026-02-24
|